000 00314nam a2200121Ia 4500
008 190216s9999||||xx |||||||||||||| ||und||
100 _aAgarwal
245 0 _aObjective Numerical Physics
260 _b"Arvind Vivek Prakashan, Agra"
_c1984
300 _a235p
650 _aObjective Numerical Physics
942 _cREF
999 _c35544
_d35544